000 00394nam a2200121 a 4500
008 120416s1977 xx |||||||||||||| || u
050 _aPS 3509.B453F35
100 _aEberhart, Mignon Good
245 1 0 _aFamily fortune
260 _c1977
350 _a0.00
995 _D0.00
_FCBU-MAIN LIBRARY (Kitwe)
_H1
_I4.00
_M1
_UAVAILABLE
_ZFiction Collection
999 _c43134
_d43134